| 000 | 01020nam0a2200265 4500 | ||
|---|---|---|---|
| 001 | RU\NLR\bibl\1977503 | ||
| 005 | 20260406154932.0 | ||
| 010 |
_a978-5-699-13571-4 _93000 |
||
| 021 |
_aRU _b2012-90416 _96687 |
||
| 035 | _a(NLR Aleph) 001966265 | ||
| 090 |
_a3893995 _c3893995 |
||
| 100 | _a20121207d2012 |||y0rusy50 ca | ||
| 101 | 1 |
_arus _cfre |
|
| 102 | _aRU | ||
| 105 | _aa ||||||||| | ||
| 200 | 1 |
_aМаленький принц _fАнтуан де Сент-Экзюпери _gпер. [с фр.] Норы Галь _gил. Ники Гольц |
|
| 210 |
_aМосква _cЭксмо _d2012 |
||
| 215 |
_a99, [4] с. _cцв. ил. _d33 |
||
| 700 | 1 |
_4070 _7ca _8rus _aСент-Экзюпери _bА. де _f1900-1944 _gАнтуан де _9117280 _3RU\NLR\auth\777344 |
|
| 702 | 1 |
_4440 _7ca _8rus _aГольц _bН. Г. _f1925-2012 _gНика Георгиевна _952755 _3RU\NLR\auth\7769827 |
|
| 801 | 0 |
_aRU _bNLR _c20121207 _gRCR |
|
| 801 | 1 |
_aRU _bNLR _c20121207 |
|
| 942 | _cBOOK | ||
| 980 | _aNB | ||